000 00460nam a22001817a 4500
003 SEACOMMC
005 20231109102741.0
008 231109b |||||||| |||| 00| 0 eng d
020 _cRs. 295.00
040 _aSEACOMMC
082 _a005.73
_bSMI
100 1 _aSmith, Peter
245 1 _aApplied data structures with C++
_cPeter Smith
260 _aNew Delhi
_bNarosa
_c2004
650 _aComputer science
650 _aData in computer systems
942 _cBOOK
999 _c346
_d346